000 00380nam a22001697a 4500
003 UA-OsUOA
001 3969
007 ta
008 20050721b un ||||| |||| 00| 0 ukr d
100 _aBaker
700 _aErnest A.
942 _cBK
040 _aUA-OsUOA
_cUA-OsUOA
_dUA-OsUOA
245 _aCassell's Fr-En En-French dictionary.
_bDictionary
955 _a2
650 7 _2UDC
999 _c290131
_d290131